| 000 | 00362nam a2200145Ia 4500 | ||
|---|---|---|---|
| 008 | 150201s2000 xx 000 0 und d | ||
| 082 |
_a617.69 _bE2000W |
||
| 100 | _aWINKLER.SHELDON | ||
| 245 | _aESSENTIAL OF COMPLETE DENTURE PROSTHODONTICS | ||
| 250 | _a2ND | ||
| 260 |
_bAITBS _aDELHI _c2000 |
||
| 300 | _a1-464 | ||
| 650 | _aPROSTHODONTICS | ||
| 942 |
_2ddc _cBK |
||
| 999 |
_c2861 _d2861 |
||